| 000 | 00991nam a2200241Ia 4500 | ||
|---|---|---|---|
| 005 | 20211112074529.0 | ||
| 008 | 130821s2008 xxua gr eng | ||
| 020 | _a9783790820256 | ||
| 040 |
_aCo-BoUCM _bspa _c[Nuevo] _d[Nuevo] |
||
| 041 | 0 | 0 | _aeng |
| 100 | 1 |
_aPeters, Bettina _976325 |
|
| 245 | 1 | 0 |
_aInnovation and firm performance an empirical investigation for German firms _cBettina Peters |
| 260 |
_aNueva York (Estados Unidos) _bPhysica-Verlag _c2008 |
||
| 300 |
_a226 páginas _bgráficos |
||
| 490 | 0 |
_aZEW Economic Studies _v38 |
|
| 504 | _aIncluye referencias bibliográficas | ||
| 650 | 0 | 4 |
_aAdministración de empresas _9435 |
| 650 | 0 | 4 |
_aAdministración de empresas _xInnovaciones tecnológicas _zAlemania _9435 |
| 650 | 0 | 4 |
_aAdministración de la producción _xInnovaciones tecnológicas _zAlemania _98553 |
| 650 | 0 | 4 |
_aInnovaciones tecnológicas _xAspectos económicos _zAlemania _917718 |
| 942 |
_a16 _e1 _mP481i _cLIBRO _2DEWEY _h658.5 |
||
| 999 |
_c70630 _d70630 |
||